[Event "Bodensee Seniors op"]
[Site "Bregenz"]
[Date "2023.05.17"]
[Round "5"]
[White "Lapp, Karl Iversen"]
[Black "Lopez Ramirez, Jorge Hernan"]
[Result "1/2-1/2"]
[WhiteElo "2064"]
[BlackElo "1865"]
[PlyCount "98"]
[EventDate "2023.05.13"]
[EventType "swiss"]
[EventRounds "7"]
[EventCountry "AUT"]
[SourceTitle "CBM 214 Extra"]
[Source "ChessBase"]
[SourceDate "2023.07.31"]
[SourceVersion "1"]
[SourceVersionDate "2023.07.31"]
[SourceQuality "1"]

1. e4 e5 2. Nf3 Nc6 3. Bc4 Nf6 4. d3 Be7 5. 0-0 0-0 6. Re1 d6 7. c3 Bg4 8. h3 Bh5 9. Nbd2 d5 10. Bb3 dxe4 11. dxe4 Bc5 12. Qe2 Qe7 13. Nf1 Bxf3 14. Qxf3 Ne8 15. Ng3 Qf6 16. Qe2 Qg6 17. Kh2 Nd8 18. Nf5 Kh8 19. Bc2 a5 20. Bd2 Qb6 21. Ba4 Bxf2 22. Rf1 Bc5 23. Ne3 Qg6 24. Ng4 Bd6 25. Rf5 Ne6 26. Bc2 Nf4 27. Bxf4 exf4 28. e5 Qe6 29. Re1 Be7 30. Qe4 g6 31. Rxf4 Ng7 32. Bb3 Qb6 33. Nf6 a4 34. Bxa4 Qxb2 35. Nd7 Ne6 36. Nxf8 Nxf4 37. Qxf4 Rxf8 38. Bb3 Qxc3 39. Rc1 Qa5 40. Kh1 f6 41. exf6 Rxf6 42. Qd4 Qf5 43. Qc4 Rf8 44. Qxc7 Bg5 45. Qc3+ Bf6 46. Qc5 Be5 47. Re1 Re8 48. Qe3 Kg7 49. Qf3 Qxf3 1/2-1/2

[Event "Bodensee Seniors op"]
[Site "Bregenz"]
[Date "2023.05.14"]
[Round "2"]
[White "Launert, Martin"]
[Black "Lapp, Karl Iversen"]
[Result "0-1"]
[WhiteElo "1856"]
[BlackElo "2064"]
[PlyCount "98"]
[EventDate "2023.05.13"]
[EventType "swiss"]
[EventRounds "7"]
[EventCountry "AUT"]
[SourceTitle "CBM 214 Extra"]
[Source "ChessBase"]
[SourceDate "2023.07.31"]
[SourceVersion "1"]
[SourceVersionDate "2023.07.31"]
[SourceQuality "1"]

1. e4 e5 2. Nf3 Nc6 3. Bb5 a6 4. Bxc6 dxc6 5. 0-0 Bd6 6. d4 Qe7 7. dxe5 Bxe5 8. Nxe5 Qxe5 9. Nc3 Bd7 10. Be3 f6 11. f4 Qe6 12. f5 Qe7 13. Bf4 0-0-0 14. Qd4 c5 15. Qe3 Bc6 16. Rfd1 Re8 17. Qd3 g5 18. Bg3 Nh6 19. Nd5 Bxd5 20. Qxd5 Ng4 21. Re1 Rd8 22. Qb3 h5 23. h3 Ne5 24. Rad1 h4 25. Bh2 Rhe8 26. Bxe5 Qxe5 27. c3 Qg3 28. Qc2 Rxd1 29. Qxd1 g4 30. hxg4 h3 31. Qd2 hxg2 32. Qf2 Qxg4 33. Qxg2 Qh4 34. Re3 Rd8 35. Rh3 Rd1+ 36. Kh2 Qf4+ 37. Qg3 Qd2+ 38. Qg2 Qe1 39. Rh8+ Kd7 40. Qg7+ Kc6 41. Qxf6+ Rd6 42. Qh4 Rd2+ 43. Kh3 Qg1 44. Rh6+ Kb5 45. c4+ Ka5 46. Qf4 Qh1+ 47. Kg3 Rg2+ 48. Kf3 Qf1+ 49. Ke3 Qe2# 0-1

[Event "SUI-chT"]
[Site "Switzerland"]
[Date "2017.09.02"]
[Round "6.7"]
[White "Burri, Quentin"]
[Black "Lapp, Karl Iversen"]
[Result "1-0"]
[WhiteElo "2359"]
[BlackElo "2072"]
[PlyCount "51"]
[EventDate "2017.03.19"]
[EventType "team-swiss"]
[EventRounds "9"]
[EventCountry "SUI"]
[SourceTitle "EXT 2018"]
[Source "ChessBase"]
[SourceDate "2017.10.13"]
[SourceVersion "1"]
[SourceVersionDate "2017.10.13"]
[SourceQuality "1"]
[WhiteTeam "Geneve"]
[BlackTeam "Reti"]
[WhiteTeamCountry "SUI"]
[BlackTeamCountry "SUI"]

1. e4 e5 2. Nf3 Nc6 3. Bb5 a6 4. Ba4 Nf6 5. 0-0 Be7 6. d3 d6 7. c3 0-0 8. Re1 h6 9. Nbd2 Nh7 10. h3 Ng5 11. d4 Nxf3+ 12. Nxf3 Bf6 13. d5 Ne7 14. c4 Ng6 15. Be3 Nh4 16. Rc1 Nxf3+ 17. Qxf3 Bg5 18. Bxg5 Qxg5 19. Qe3 Qg6 20. c5 f5 21. cxd6 cxd6 22. Rc7 fxe4 23. Rec1 Kh7 24. Re7 Rf3 25. Be8 Qf5 26. gxf3 1-0

[Event "Winterthur op 12th"]
[Site "Winterthur"]
[Date "2012.10.06"]
[Round "1"]
[White "Lapp, Karl Iversen"]
[Black "Gleizerov, Evgeny"]
[Result "1/2-1/2"]
[WhiteElo "2096"]
[BlackElo "2564"]
[PlyCount "97"]
[EventDate "2012.10.06"]
[EventType "swiss"]
[EventRounds "9"]
[EventCountry "SUI"]
[SourceTitle "CBM 150 Extra"]
[Source "ChessBase"]
[SourceDate "2012.10.19"]
[SourceVersion "1"]
[SourceVersionDate "2012.10.19"]
[SourceQuality "1"]

1. e4 e6 2. d4 d5 3. Nd2 Nf6 4. e5 Nfd7 5. Bd3 c5 6. c3 Nc6 7. Ngf3 Qb6 8. 0-0 g6 9. Re1 Bg7 10. Qa4 0-0 11. Nf1 cxd4 12. cxd4 f6 13. exf6 Nxf6 14. h3 Nh5 15. Be3 Nf4 16. Be2 Qxb2 17. Bb5 a6 18. Bxc6 bxc6 19. Bxf4 Rxf4 20. Rab1 Bxd4 21. Rxb2 Bxf2+ 22. Kxf2 Rxa4 23. Ng5 c5 24. Nxe6 Bxe6 25. Rxe6 Rf8+ 26. Kg1 d4 27. Rd6 Rc4 28. Ng3 Rf7 29. Ne4 Rc1+ 30. Kh2 Re7 31. Nxc5 Rxc5 32. Rxd4 a5 33. Ra4 Kg7 34. Rf2 Rf7 35. Raf4 Rfc7 36. Ra4 Re5 37. Kg3 Rc3+ 38. Kh2 Rc7 39. Kg3 Rg5+ 40. Kh2 Rd7 41. Raf4 Rgd5 42. Ra4 g5 43. h4 h6 44. hxg5 hxg5 45. Kg3 Kg6 46. Rf8 Rd3+ 47. Rf3 R3d5 48. Rf8 Rd3+ 49. Rf3 1/2-1/2

[Event "Winterthur op 10th"]
[Site "Winterthur"]
[Date "2010.10.12"]
[Round "4"]
[White "Mede, Istvan"]
[Black "Lapp, Karl Iversen"]
[Result "0-1"]
[WhiteElo "2305"]
[BlackElo "2103"]
[PlyCount "66"]
[EventDate "2010.10.09"]
[EventType "swiss"]
[EventRounds "9"]
[EventCountry "SUI"]
[SourceTitle "CBM 138 Extra"]
[Source "ChessBase"]
[SourceDate "2010.10.29"]
[SourceVersion "1"]
[SourceVersionDate "2010.10.29"]
[SourceQuality "1"]

1. e4 e5 2. f4 Bc5 3. Nf3 d6 4. Nc3 Nc6 5. Bb5 Bg4 6. h3 Bxf3 7. Qxf3 Nge7 8. Nd5 0-0 9. c3 Nxd5 10. exd5 e4 11. Qe2 Nb8 12. Kd1 c6 13. Bc4 Re8 14. Re1 Nd7 15. b4 Bb6 16. Bb2 Nf6 17. dxc6 bxc6 18. g4 d5 19. Bb3 Qd6 20. g5 Nd7 21. Qg4 f5 22. Qxf5 Kh8 23. Qg4 Rad8 24. h4 d4 25. Kc2 d3+ 26. Kd1 e3 27. dxe3 Bxe3 28. Bf7 Re7 29. Qh5 Rxf7 30. Qxf7 Rf8 31. Qh5 Qxf4 32. g6 Nf6 33. Qg5 Qf3+ 0-1

[Event "Nagler Memorial op"]
[Site "Zuerich"]
[Date "1998.08.14"]
[Round "7"]
[White "Lapp, Karl Iversen"]
[Black "Fleischmann, Albert"]
[Result "1-0"]
[WhiteElo "2084"]
[BlackElo "1930"]
[PlyCount "47"]
[EventDate "1998.08.08"]
[EventType "swiss"]
[EventRounds "9"]
[EventCountry "SUI"]
[SourceTitle "EXT 2006"]
[Source "ChessBase"]
[SourceDate "2005.11.24"]
[SourceVersion "1"]
[SourceVersionDate "2005.11.24"]
[SourceQuality "1"]

1. e4 c5 2. Nc3 Nc6 3. f4 g6 4. Nf3 Bg7 5. Bc4 e6 6. f5 Nge7 7. fxe6 dxe6 8. d3 0-0 9. 0-0 a6 10. a4 Nd4 11. Bg5 f6 12. Be3 Nec6 13. Qd2 Kh8 14. Ne2 Nxe2+ 15. Qxe2 b6 16. Qd2 e5 17. h4 Nd4 18. h5 Nxf3+ 19. Rxf3 Bg4 20. hxg6 Bxf3 21. gxf3 f5 22. Qh2 h6 23. Bxh6 Rf6 24. Bg5+ 1-0

[Event "Nagler Memorial op"]
[Site "Zuerich"]
[Date "1998.08.13"]
[Round "6"]
[White "Vucic, Mladen"]
[Black "Lapp, Karl Iversen"]
[Result "1-0"]
[WhiteElo "2385"]
[BlackElo "2084"]
[PlyCount "56"]
[EventDate "1998.08.08"]
[EventType "swiss"]
[EventRounds "9"]
[EventCountry "SUI"]
[SourceTitle "EXT 2006"]
[Source "ChessBase"]
[SourceDate "2005.11.24"]
[SourceVersion "1"]
[SourceVersionDate "2005.11.24"]
[SourceQuality "1"]

1. d4 Nf6 2. Nf3 c5 3. c3 e6 4. Bg5 d5 5. e3 Nbd7 6. Nbd2 Be7 7. Bd3 0-0 8. 0-0 b6 9. Qe2 Bb7 10. Ne5 Ne8 11. Bxe7 Qxe7 12. f4 f5 13. Nxd7 Qxd7 14. Nf3 Nf6 15. Ne5 Qe7 16. h3 Nd7 17. Nf3 Bc6 18. g4 g6 19. g5 Nb8 20. h4 Be8 21. Kf2 Nc6 22. Rh1 Qd6 23. Bb5 Ne7 24. Bxe8 Raxe8 25. h5 Kg7 26. Ne5 Nc6 27. hxg6 hxg6 28. Nxg6 cxd4 1-0

[Event "Nagler Memorial op"]
[Site "Zuerich"]
[Date "1998.08.09"]
[Round "2"]
[White "Kelecevic, Nedeljko"]
[Black "Lapp, Karl Iversen"]
[Result "1/2-1/2"]
[WhiteElo "2445"]
[BlackElo "2084"]
[PlyCount "66"]
[EventDate "1998.08.08"]
[EventType "swiss"]
[EventRounds "9"]
[EventCountry "SUI"]
[SourceTitle "EXT 2006"]
[Source "ChessBase"]
[SourceDate "2005.11.24"]
[SourceVersion "1"]
[SourceVersionDate "2005.11.24"]
[SourceQuality "1"]

1. d4 d5 2. Nf3 Bf5 3. g3 e6 4. Bg2 Nf6 5. 0-0 Be7 6. Nbd2 Ne4 7. c4 c6 8. Qb3 Qb6 9. Ne5 Nxd2 10. Bxd2 Qxb3 11. axb3 Nd7 12. Nxd7 Kxd7 13. Rfc1 Rhc8 14. h4 h6 15. f3 Bh7 16. Kf2 f5 17. h5 Bf6 18. Bc3 Rf8 19. e3 Bg8 20. f4 Bf7 21. Bf3 Rh8 22. g4 g6 23. gxf5 gxf5 24. b4 Rhg8 25. b5 cxb5 26. cxb5 Bh4+ 27. Ke2 Be7 28. Rg1 Rxg1 29. Rxg1 Rg8 30. Ra1 Ra8 31. Kd2 b6 32. Rg1 Rg8 33. Ra1 Ra8 1/2-1/2